| 000 | 00674nam a2200229Ia 4500 | ||
|---|---|---|---|
| 001 | 3861 | ||
| 008 | 180201s1983 ii a g b000 u 465 u | ||
| 020 | _a0-87692-174-8 | ||
| 082 | _a515 | ||
| 100 | _aSmith, Alton H. . | ||
| 245 | 0 |
_aFundamental Concepts of Analysis / _cAlton H. Smith & Walter A. Albrecht. _hTextual Documents |
|
| 250 | _a1st ed. / | ||
| 260 |
_aNew Delhi : _bPrentice-Hall of India(Pvt Ltd) , _c1983. |
||
| 300 |
_aix, 190p. : _bill ; _c22cm . |
||
| 504 | _aIndex | ||
| 653 | _aMathematics-Analysis | ||
| 653 | _aMathematical Analysis | ||
| 653 | _aPG-Mathematics | ||
| 653 | _aG-Mathematics | ||
| 700 | _aAlbrecht, Walter A. . | ||
| 942 |
_2ddc _cBK |
||
| 999 |
_c3849 _d3849 |
||